000 01253nam0a22004811 4500
001 RU\NLR\A1SV\2787
005 20251203171251.9
035 _a(NLR Aleph) 009688804
090 _a9728524
_c9728524
100 _a19980608d1920 u y0rusy50 ca
101 0 _arus
102 _aRU
200 1 _aПро землю, про волю, про рабочую долю
_eПовесть в 5 ч.
_fДемьян Бедный
205 _a2-е изд.
_bзнач. доп.
210 _aМ.
_cГос. изд-во
_d1920 (обл. 1921)
215 _a172 с.
_d23 см
451 0 _1001RU\NLR\A1SV\23620
620 _dМосква
700 1 _aБедный
_bД.
_f1883-1945
_gДемьян
_4070
801 0 _aRU
_bNLR
_c19980608
852 _aNLR
_j17.141.5.62
852 _aNLR
_j133/1720
899 _aГИМ
899 _aSLK
899 _aГБ РУз.
899 _aНБ РМолд.
899 _aБАН
899 _aNBKM
899 _aРКП
899 _aКУНБ
899 _aCSUX
899 _aКирОУНБ
899 _aBL
899 _aОДУ
899 _aРГБ
899 _aILCG
899 _aMAHG
899 _aСПбГУ
899 _aТамбОУНБ
942 _cBOOK
980 _aNB
980 _aA1SV